000 00666cam a2200241 a 4500
001 8506
003 BD-RjUL
005 20211208234612.0
008 140118s1968 nyu 001 0 eng d
035 _a(BD-RjUL)8551
040 _aDLC
_cDLC
_dDLC
_dBD-RjUL
_beng
041 _aeng
082 0 0 _a530.12
_bMAI 1968
100 1 _aMatthews, P. T.
_q(Paul Taunton)
_926488
245 1 0 _aIntroduction to quantum mechanics /
_c[by] P. T. Matthews.
250 _a2d ed.
260 _aNew York :
_bMcGraw-Hill,
_c1968.
300 _axii, 188 p.;
_c23 cm.
650 0 _aQuantum theory.
_926489
942 _2ddc
_cBK
_02
999 _c8506
_d8506